000 01349nam0a2200337 4500
001 RU\NLR\BIBL_A\012424673
005 20210112145123.0
010 _a978-5-00171-291-6
_9100
021 _aRU
_bКН-П-20-051271
_9КН-П-20-3853
035 _a(NLR Aleph) 012424673
035 _a(RuMoRGB)010412236
090 _a11844330
_c11844330
100 _a20201221d2020 u y0rusy50 ca
101 0 _arus
102 _aRU
105 _ay|||z|||000gy
181 0 _ai
_baxxe
182 0 _an
200 1 _aМамина песня
_eсборник стихов и коротких зарисовок
_fЕлена Пугачёва
203 _aТекст
_bвизуальный
_cнепосредственный
210 _aМосква
_cПеро
_d2020
215 _a151 с.
_d21
327 1 _aСодерж.: циклы: Дела семейные; Знаки судьбы; Юморески; Портретные зарисовки; Философское; Дневник блокады 2020; Пешком до неба; Впечатления любителей поэзии
686 2 _aШ6(2=Р)8я44
700 1 _aПугачёва
_bЕ. Ю.
_gЕлена Юрьевна
942 _cBOOK
980 _aNBR
980 _aNB